000 00545cam a22001817a 4500
020 _a9251050503
040 _cFQG
082 0 0 _a338 FOO 2004 A015 Or.
245 0 0 _aSummary of world food and agricultural statistics, 2003.
260 _aRome :
_bFood and Agriculture Organization of the United Nations,
_c2004.
300 _avii, 110 p. ;
_c30 cm.
650 0 _aFood supply
650 0 _aAgriculture
650 0 _aLand use, Rural
650 0 _aFisheries
710 2 _aFood and Agriculture Organization of the United Nations.
942 _cEK
999 _c11557
_d11557